| Tag |
First Indicator |
Second Indicator |
Subfields |
| LEADER |
00000pam a2200000 i 4500 |
| 001 |
in00000063756 |
| 005 |
20151008050648.0 |
| 008 |
790717s1979 onc b 00000 eng |
| 010 |
|
|
|a 79017862
|
| 020 |
|
|
|a 0802054595 :
|c $15.00
|
| 020 |
|
|
|a 0802063756 (pbk.) :
|c $5.00
|
| 035 |
|
|
|a (OCoLC)05239759
|
| 035 |
|
|
|9 AAG2475AM
|
| 040 |
|
|
|a DLC
|c DLC
|d TXA
|d UtOrBLW
|
| 049 |
|
|
|a TXAM
|c [1159931]
|
| 050 |
0 |
0 |
|a HQ1122
|b .S49
|
| 082 |
0 |
|
|a 301.41/2
|
| 245 |
0 |
4 |
|a The Sexism of social and political theory :
|b women and reproduction from Plato to Nietzsche /
|c edited by Lorenne M. G. Clark and Lynda Lange.
|
| 264 |
|
1 |
|a Toronto ;
|a Buffalo :
|b University of Toronto Press,
|c [1979]
|
| 264 |
|
4 |
|c ©1979
|
| 300 |
|
|
|a xvii, 141 pages ;
|c 24 cm.
|
| 336 |
|
|
|a text
|b txt
|2 rdacontent
|
| 337 |
|
|
|a unmediated
|b n
|2 rdamedia
|
| 338 |
|
|
|a volume
|b nc
|2 rdacarrier
|
| 504 |
|
|
|a Bibliography: pages [135]-141.
|
| 650 |
|
0 |
|a Sex discrimination against women
|x History.
|
| 650 |
|
0 |
|a Women
|x History.
|
| 700 |
1 |
|
|a Clark, Lorenne M. G.
|
| 700 |
1 |
|
|a Lange, Lynda,
|d 1943-
|
| 999 |
|
|
|a MARS
|
| 999 |
f |
f |
|s 38f10b1c-d2d4-39db-b176-5c8783e36272
|i b561e75f-3fea-3c92-8acc-fbfc00e7d1e1
|t 0
|
| 952 |
f |
f |
|p ric
|a Texas A&M University
|b Rellis Campus
|c Joint Library Facility
|d Remote Storage
|t 0
|e HQ1122 .S49
|h Library of Congress classification
|i unmediated -- volume
|m A14802976864
|
| 998 |
f |
f |
|a HQ1122 .S49
|t 0
|l Remote Storage
|